| 000 | 00662nam a2200205 4500 | ||
|---|---|---|---|
| 003 | CO-ViMGA | ||
| 020 | _a9789585833951 | ||
| 040 |
_aCO-ViMGA _bspa _cCO-ViMGA |
||
| 090 | _aC ALE6 | ||
| 100 | 1 |
_aAlemán, Gabriela, _d1968- _98695 |
|
| 245 | 1 | 0 |
_aLa muerte silba un blues / _cGabriela Alemán. |
| 260 |
_aBogotá : _bPenguin Random House _c2014, |
||
| 300 |
_a173 páginas ; _b23 cm. |
||
| 490 | _aLiteratura Random House | ||
| 490 | _aPlan Nacional de Lectura y Escritura Leer es mi Cuento / Ministerio de Cultura | ||
| 650 | 1 | 4 |
_aAutoras Ecuatorianas _98698 |
| 650 | 1 | 4 |
_aCuentos Ecuatorianos _98696 |
| 650 | 1 | 4 |
_aLiteratura Ecuatoriana _98697 |
| 942 |
_2ddc _cBK |
||
| 999 |
_c7649 _d7649 |
||